| 000 | 00474 a2200157 4500 | ||
|---|---|---|---|
| 005 | 20250627131043.0 | ||
| 082 | _a657 LIB | ||
| 100 | _aLIBBY, R. | ||
| 245 | _aFinancial Accounting. | ||
| 250 | _a5th Ed. | ||
| 260 |
_aNew York, _bMcgraw- Hill Irwin, _c2007. |
||
| 300 |
_axxxi, 798p.: Ill.;figures, picture & table _bGlossary and Index _c26cm. |
||
| 700 | _aLIBBY, P.A. & SHORT, D.G. | ||
| 856 |
_yAccess Online Book _fFinancial Accounting _dwww.mhhe.com |
||
| 942 |
_2ddc _cBKS |
||
| 999 |
_c1301 _d1301 |
||